国号に含まれる政体 - Statistics

General Stats
  • This quiz has been taken 684 times
  • The average score is 18 of 27
Answer Stats
該当国数 国名 政体名称 % Correct
106 多数 共和国
99%
4 オーストラリア/スイス/ミクロネシア/ロシア 連邦
98%
2 アメリカ/メキシコ 合衆国
98%
2 中華/バングラデシュ 人民共和国
98%
2 大韓/中華 民国
98%
1 バチカン 市国
95%
3 クック/セントビンセント及びグレナディーン/ソロモン 諸島
94%
15 多数 王国
93%
1 朝鮮 民主主義人民共和国
93%
10 多数
91%
3 アンドラ/モナコ/リヒテンシュタイン 公国
91%
1 アラブ 首長国連邦
90%
1 コモロ 連合
85%
3 コンゴ/サントメ・プリンシペ/東ティモール 民主共和国
82%
1 グレートブリテン及び北アイルランド 連合王国
80%
5 ソマリア/ドイツ/ナイジェリア/ブラジル/ミャンマー 連邦共和国
72%
1 ベトナム 社会主義共和国
62%
1 ルクセンブルク 大公国
44%
1 マーシャル 諸島共和国
36%
2 サモア/パプアニューギニア 独立国
33%
1 ウルグアイ 東方共和国
29%
1 ボリビア 多民族国
27%
1 タンザニア 連合共和国
23%
1 ラオス 人民民主共和国
22%
1 スリランカ 民主社会主義共和国
14%
1 アルジェリア 民主人民共和国
14%
1 エチオピア 連邦民主共和国
12%
No matching quizzes found
Score Distribution
Percent of People with Each Score
Percentile by Number Answered
Your Score History
You have not taken this quiz